Salesian pedagogy after Don Bosco : from the first generation up to the synod on young people [1888-2018] / Michal Vojtáš
Record details
- ISBN: 978-88-213-1551-0
- Physical Description: 480 stran ; 24 cm
- Publisher: Roma : Universita Pontificia Salesiana, 2022
Content descriptions
| Bibliography, etc. Note: | Obsahuje bibliografii a biobliografické odkazy |
Available copies
- 1 of 1 copy available at Common Catalog SPOK.
Holds
- 0 current holds with 1 total copy.
Show Only Available Copies
| Location | Call Number / Copy Notes | Barcode | Shelving Location | Status | Due Date |
|---|---|---|---|---|---|
| Jabok Library | Ped-6.1 | 424480044989 | Odborná literatura | Available | - |
| LDR | nam a22 i 4500 | ||
|---|---|---|---|
| 001 | 56175 | ||
| 003 | CZ-PrJAB | ||
| 005 | 20231120094637.0 | ||
| 007 | ta | ||
| 008 | 231120s2022 it e 000 0 eng | ||
| 020 | . | ‡a978-88-213-1551-0 ‡q(brožováno) | |
| 040 | . | ‡aABG312 ‡bcze ‡erda | |
| 072 | 7. | ‡a27-78 ‡xKřesťanská sdružení, spolky a organizace. Řeholní řády ‡2Konspekt ‡95 | |
| 100 | 1 | . | ‡aVojtáš, Michal ‡7jcu2018980232 ‡4aut |
| 245 | 1 | 0. | ‡aSalesian pedagogy after Don Bosco : ‡bfrom the first generation up to the synod on young people [1888-2018] / ‡cMichal Vojtáš |
| 264 | 1. | ‡aRoma : ‡bUniversita Pontificia Salesiana, ‡c2022 | |
| 300 | . | ‡a480 stran ; ‡c24 cm | |
| 336 | . | ‡atext ‡btxt ‡2rdacontent | |
| 338 | . | ‡asvazek ‡bnc ‡2rdacarrier | |
| 504 | . | ‡aObsahuje bibliografii a biobliografické odkazy | |
| 653 | 0 | . | ‡asalesiáni ‡apedagogika ‡apedagogika Dona Bosca |
| 653 | 0 | . | ‡asalesiáni ‡apedagogové ‡aautoři |
| 710 | 2 | . | ‡aUniversita Pontificia Salesiana. ‡bCentro studi Don Bosco ‡4pbl |
| 910 | . | ‡aABG312 | |
| 995 | . | ‡aska | |
| 901 | . | ‡a56175 ‡bAUTOGEN ‡c56175 ‡tbiblio | |